All The Small Things - ​​blink-182 - All Lyrics - Statistics

General Stats
  • This quiz has been taken 133 times
  • The average score is 181 of 206
Answer Stats
Answer % Correct
the
100%
The
100%
All
99%
I
99%
small
99%
things
99%
go
98%
me
98%
not
97%
will
97%
home
96%
so,
96%
carry
95%
it
94%
off,
94%
lights
93%
on,
93%
Say
93%
say
93%
Turn
93%
care,
92%
know
92%
be
90%
my
90%
Na-na,
89%
na-na,
89%
na, na
89%
(Na-na,
89%
na, na)
89%
She
88%
she
88%
by
87%
ain't
85%
show
85%
Your
85%
your
85%
at
84%
let
84%
night,
84%
night
84%
roses
84%
stairs
83%
truth
83%
you’ll
83%
cares
82%
I’ll
82%
I'll
82%
left
82%
waiting,
82%
Watching,
82%
Always,
81%
sucks,
78%
come
77%
Work
77%
brings
75%
Surprises
75%
take
75%
one
74%
Late
72%
True
71%
commiserating
69%
best
63%
Keep
61%
trip
59%
thrill
57%
head
56%
still,
56%
little
53%
lift
52%
windmill
51%
ride,
50%
Just
24%
No matching quizzes found
Score Distribution
Percent of People with Each Score
Percentile by Number Answered
Your Score History
You have not taken this quiz